Movie Title Antonyms - Statistics

General Stats
  • This quiz has been taken 84 times
  • The average score is 7 of 17
Answer Stats
Antonyms Movie Titles % Correct
The Queen's Woman The King's Man
90%
No Night Yes Day
89%
Yup Nope
76%
The Innocent The Guilty
75%
That isn't the Beginning This is the End
69%
The AlwaysStarting Reality The NeverEnding Story
57%
He's None of This She's All That
56%
Humans Aliens
42%
After Noon Before Midnight
38%
The Night the Cosmos Sat Moving The Day the Earth Stood Still
35%
Light Lands Dark Waters
32%
Saviors of the Animal Sun Killers of the Flower Moon
13%
Devils and Fairies Gods and Monsters
7%
The Tolerable Lightness of Tiny Incompetence The Unbearable Weight of Massive Talent
6%
Horrorwater Wonderland
4%
Horror Man Wonder Woman
4%
Full Woman Hollow Man
1%
No matching quizzes found
Score Distribution
Percent of People with Each Score
Percentile by Number Answered
Your Score History
You have not taken this quiz